Las comunicaciones en la ingenieria / (Registro nro. 13060)

Detalles MARC
000 -LIDER
fixed length control field 00572nam a22001817a 4500
003 - IDENTIFICACDOR DE NÚMERO DE CONTROL
control field DO-SdBNP
005 - DATE AND TIME OF LATEST TRANSACTION
control field 20171124084004.0
008 - ELEMENTOS DE LONGITUD FIJA
fixed length control field 171124b mx||||| |||| 00| 0 spa d
040 ## - FUENTE DE CATALOGACIÓN
Agencia que crea de manera original el registro BPMSU
Idioma de catalogación spa
Agencia que realiza la transcripción BPMSU
100 ## - ASIENTO PRINCIPAL -- NOMBRE PERSONAL
Nombre personal Rosenstein, Allen B,
245 ## - MENCIÓN DE TITULO
Título Las comunicaciones en la ingenieria /
Mención de responsabilidad Allen B. Rosenstein ; Robert R. Rathbone ; William F. Schneerer
260 ## - PUBLICACIÓN, DISTRIBUCIÓN, ETC. (PIE DE IMPRENTA)
Lugar de publicación, distribución, etc México :
Nombre del editor, distribuidor, etc. Herrero Hermanos, Sucesores
Fecha de publicación, distribución, etc 1970
300 ## - DESCRIPCIÓN FÍSICA
Extensión 161 p.
Otros detalles físicos il.
Dimensiones 23 cm
700 ## - ASIENTO SECUNDARIO -- NOMBRE PERSONAL
Nombre personal Rathbone, Robert R.
700 ## - ASIENTO SECUNDARIO -- NOMBRE PERSONAL
Nombre personal Schneerer, William F.
942 ## - ADDED ENTRY ELEMENTS (KOHA)
Source of classification or shelving scheme Dewey Decimal Classification
Koha item type Libros
956 ## - LOCAL ELECTRONIC LOCATION AND ACCESS (OCLC)
Nombre de host dgarcia
Número de acceso 10
Existencias
Withdrawn status Lost status Source of classification or shelving scheme Damaged status Not for loan Collection code Home library Current library Date acquired Source of acquisition Total Checkouts Barcode Date last seen Price effective from Koha item type
    Dewey Decimal Classification     Colección General Biblioteca Pública Metropolitana Salomé Ureña Biblioteca Pública Metropolitana Salomé Ureña 11/24/2017 Donado   BPMSU17110388 11/24/2017 11/24/2017 Libros